00568cam a2200193 i 4500008004100000020002200041100001700063245004400080260002900124300003200153500004000185504004100225500002000266650003100286653003000317003000100347005001700348040000900365  a0471919225 (pbk.)1 aWalsh, G. R.10aMethods of optimization /cG. R. Walsh. aLondon :bWiley ,cc1975 ax, 200 p. :bill. ;c24 cm. a"A Wiley-Interscience publication." aIncludes bibliographical references. aIncludes index. 0aMathematical optimization. aMathematicsaOptimisation20230123133632.0 cNUST